000 01008nam a22002775a 4500
003 OSt
005 20170726120723.0
008 170724s2016 gz a grb 000 0 ara d
020 _a9789950389000
040 _aEG-ScBUE
_bara
_cEG-ScBUE
082 0 4 _a302.2
_bخ ض ر
_222
100 1 _aخضر، إبراهيم خليل.
245 1 0 _aمهارات الاتصال =
_bCommunication skills /
_cإبراهيم خليل خضر.
246 3 1 _aCommunication skills
250 _aط. 4.
260 _aنابلس، فلسطين :
_bالدار الجامعية للنشر والتوزيع،
_c2016.
300 _a219 ص. :
_bإيض. (لو.) ؛
_c24 سم.
504 _aببليوجرافية : ص. 218-219.
521 _aمرجع خاص بطلبة الجامعات والمعاهد والكليات.
541 _aإهداء من شركة بكة.
590 _aWessam
650 7 _a الاتصال (علم اجتماع)
_2BUEsh
_928009
651 _2BUEsh
653 _bGGEN
_bCOMAME
_cJuly2017
942 _2ddc
999 _c25065
_d25037